2204-大井川鐡道の駅 - Statistics

General Stats
  • This quiz has been taken 112 times
  • The average score is 22 of 34
Answer Stats
本線 % Correct
金谷
99%
新金谷
97%
井川
96%
千頭
90%
千頭
90%
合格
83%
奥大井湖上
81%
アプトいちしろ
80%
川根温泉笹間渡
74%
家山
72%
長島ダム
70%
接岨峡温泉
70%
尾盛
67%
閑蔵
67%
門出
62%
代官町
61%
ひらんだ
61%
川根両国
59%
奥泉
58%
地名
57%
駿河徳山
57%
福用
54%
大和田
52%
抜里
52%
塩郷
52%
日切
51%
土本
49%
下泉
48%
崎平
48%
神尾
46%
青部
46%
川根小山
46%
田野口
42%
沢間
39%
No matching quizzes found
Score Distribution
Percent of People with Each Score
Percentile by Number Answered
Your Score History
You have not taken this quiz